Early Buddhist society: The world of Gautama Buddha (Record no. 361009)

MARC details
000 -LEADER
fixed length control field 00501 a2200193 4500
005 - DATE & TIME
control field 20250428102023.0
008 - FIXED-LENGTH DATA ELEMENTS--GENERAL INFORMATION
fixed length control field 250428b |||||||| |||| 00| 0 eng d
020 ## - ISBN
International Standard Book Number 9788178246505
Price Rs. 795.00
040 ## - CATALOGING SOURCE
Original cataloging agency VIVEKANANDA LIBRARY
082 ## - DDC NUMBER
Classification number 305.6943
Book Number L74E
100 ## - MAIN ENTRY--PERSONAL NAME
Personal name Liu, Xinru
245 ## - TITLE STATEMENT
Title Early Buddhist society: The world of Gautama Buddha
260 ## - PUBLICATION, DISTRIBUTION, ETC. (IMPRINT)
Name of publisher, distributor, etc Permanent Black
Date of publication, distribution, etc 2022
Place of publication, distribution, etc Ranikhet
300 ## - PHYSICAL DESCRIPTION
Pages xv, 207
650 ## - Subject
Subject Sociology
650 ## - Subject
Subject Culture
700 ## - Added Entry Personal Name
Added Entry Personal Name Buddha, Gautama
942 ## - ADDED ENTRY ELEMENTS (KOHA)
Koha item type Books
Holdings
Withdrawn status Lost status Source of classification or shelving scheme Damaged status Not for loan Location (home branch) Sublocation or collection (holding branch) Shelving location Date acquired Koha issues (times borrowed) Koha full call number Accession No. Koha date last seen Koha item type
    Dewey Decimal Classification     VIVEKANANDA LIBRARY VIVEKANANDA LIBRARY Vivekananda Library 23/01/2025   305.6943 L74E 436879 23/01/2025 Books
© Designed and Maintained by Vivekananda Library, MDU Rohtak